| 000 | 00558nmm a2200145Ia 4500 | ||
|---|---|---|---|
| 008 | 251105s9999||||xx |||||||||||||||||und|| | ||
| 041 | _aspa | ||
| 100 | _aMuñoz Martín-Vares, Javier | ||
| 245 | 0 | _aEnseñanzas iniciales: Nivel I. Ámbito de Ciencia, Tecnología y Sociedad en el Mundo Actual. Unidad 1. Prevenir para vivir mejor | |
| 264 |
_a[Madrid, España] : _bMinisterio de Educación, Cultura y Deporte de España, _c2015 |
||
| 300 | _a56 páginas | ||
| 650 | _aEducation | ||
| 856 | _uhttps://public.digitaliapublishing.com/a/60310 | ||
| 942 | _cCF | ||
| 999 |
_c105436 _d105436 |
||